Исследование влияния параметров цепной передачи с приводной втулочной цепью на ее механическую эффективность с помощью динамического метода контроля механического коэффициента полезного действия цепной передачи; Вестник науки Сибири; № 15 : Спецвыпуск
| Parent link: | Вестник науки Сибири: электронный научный журнал/ Томский политехнический университет (ТПУ).— , 2011-.— 2226-0064 № 15 : Спецвыпуск.— 2015.— [С. 113-122] |
|---|---|
| Hlavní autor: | |
| Shrnutí: | Заглавие с титульного листа В данной работе поясняется принцип динамического метода контроля механического коэффициента полезного действия цепных передач и рассматривается его применение при исследовании факторов влияния на механическую эффективность цепной передачи с приводной втулочной цепью в широком диапазоне скоростных режимов работы, что является достаточно трудоемкой задачей при применении общеизвестных методов контроля. В роли параметра оптимизации в проведенных экспериментах выступает время разгона цепного электропривода, что значительно уменьшает возможные систематические погрешности, которые имеют существенные значения при использовании в качестве критерия механической эффективности момента инерции цепного электропривода, определяемого косвенным путем. Полученные уравнения регрессии дают наглядную картину степени влияния основных параметров цепной передачи на ее механический коэффициент полезного действия, что может служить подтверждением применимости предложенного метода к исследованию цепных передач с учетом потерь на трение. |
| Jazyk: | ruština |
| Vydáno: |
2015
|
| Edice: | Инженерные науки |
| Témata: | |
| On-line přístup: | http://earchive.tpu.ru/handle/11683/16813 |
| Médium: | MixedMaterials Elektronický zdroj Kapitola |
| KOHA link: | https://koha.lib.tpu.ru/cgi-bin/koha/opac-detail.pl?biblionumber=542847 |
MARC
| LEADER | 00000naa2a2200000 4500 | ||
|---|---|---|---|
| 001 | 542847 | ||
| 005 | 20231101115122.0 | ||
| 035 | |a (RuTPU)RU\TPU\prd\233360 | ||
| 035 | |a RU\TPU\prd\233338 | ||
| 090 | |a 542847 | ||
| 100 | |a 20150316d2015 k y0rusy50 ca | ||
| 101 | 0 | |a rus | |
| 102 | |a RU | ||
| 135 | |a drcn ---uucaa | ||
| 181 | 0 | |a i | |
| 182 | 0 | |a b | |
| 200 | 1 | |a Исследование влияния параметров цепной передачи с приводной втулочной цепью на ее механическую эффективность с помощью динамического метода контроля механического коэффициента полезного действия цепной передачи |f К. Э. Козлов | |
| 203 | |a Текст |c электронный | ||
| 215 | |a 1 файл (1475 Кб) | ||
| 225 | 1 | |a Инженерные науки | |
| 230 | |a Электронные текстовые данные (1 файл : 1475 Кб) | ||
| 300 | |a Заглавие с титульного листа | ||
| 320 | |a [Библиогр.: с. 121-122 (18 назв.)] | ||
| 330 | |a В данной работе поясняется принцип динамического метода контроля механического коэффициента полезного действия цепных передач и рассматривается его применение при исследовании факторов влияния на механическую эффективность цепной передачи с приводной втулочной цепью в широком диапазоне скоростных режимов работы, что является достаточно трудоемкой задачей при применении общеизвестных методов контроля. В роли параметра оптимизации в проведенных экспериментах выступает время разгона цепного электропривода, что значительно уменьшает возможные систематические погрешности, которые имеют существенные значения при использовании в качестве критерия механической эффективности момента инерции цепного электропривода, определяемого косвенным путем. Полученные уравнения регрессии дают наглядную картину степени влияния основных параметров цепной передачи на ее механический коэффициент полезного действия, что может служить подтверждением применимости предложенного метода к исследованию цепных передач с учетом потерь на трение. | ||
| 337 | |a Adobe Reader | ||
| 461 | 1 | |0 (RuTPU)RU\TPU\prd\143680 |x 2226-0064 |t Вестник науки Сибири |o электронный научный журнал |f Томский политехнический университет (ТПУ) |d 2011- | |
| 463 | 1 | |0 (RuTPU)RU\TPU\prd\233197 |t № 15 : Спецвыпуск |v [С. 113-122] |d 2015 | |
| 610 | 1 | |a труды учёных ТПУ | |
| 610 | 1 | |a электронный ресурс | |
| 610 | 1 | |a втулочные цепи | |
| 610 | 1 | |a коэффициент полезного действия | |
| 610 | 1 | |a цепные передачи | |
| 610 | 1 | |a момент инерции | |
| 610 | 1 | |a механические потери | |
| 700 | 1 | |a Козлов |b К. Э. |g Константин Эдуардович | |
| 801 | 1 | |a RU |b 63413507 |c 20090623 |g PSBO | |
| 801 | 2 | |a RU |b 63413507 |c 20180110 |g PSBO | |
| 856 | 4 | |u http://earchive.tpu.ru/handle/11683/16813 | |
| 942 | |c BK | ||